The Blue helmets : (Record no. 3729)

MARC details
000 -LEADER
fixed length control field 01084cam a2200301 a 4500
001 - CONTROL NUMBER
control field 2966962
003 - CONTROL NUMBER IDENTIFIER
control field OSt
005 - DATE AND TIME OF LATEST TRANSACTION
control field 20230704111923.0
008 - FIXED-LENGTH DATA ELEMENTS--GENERAL INFORMATION
fixed length control field 910510s1990 nyuabf i000 0 eng
010 ## - LIBRARY OF CONGRESS CONTROL NUMBER
LC control number 91151597
020 ## - INTERNATIONAL STANDARD BOOK NUMBER
International Standard Book Number 9211004446
040 ## - CATALOGING SOURCE
Original cataloging agency DLC
Transcribing agency DLC
043 ## - GEOGRAPHIC AREA CODE
Geographic area code aw-----
082 00 - DEWEY DECIMAL CLASSIFICATION NUMBER
Classification number 341.5
Item number UNP
245 04 - TITLE STATEMENT
Title The Blue helmets :
Remainder of title a review of United Nations peace-keeping /
Statement of responsibility, etc. United Nations.
250 ## - EDITION STATEMENT
Edition statement 2nd ed.
260 ## - PUBLICATION, DISTRIBUTION, ETC. (IMPRINT)
Place of publication, distribution, etc. [New York, N.Y.] :
Name of publisher, distributor, etc. United Nations, Dept. of Public Information,
Date of publication, distribution, etc. c1990.
300 ## - PHYSICAL DESCRIPTION
Extent xx, 449 p., [18] p. of plates :
Other physical details ill., maps ;
Dimensions 23 cm.
500 ## - GENERAL NOTE
General note "United Nations publication sales no. E.90.I.18"--T.p. verso.
500 ## - GENERAL NOTE
General note "DPI/1065--40500--August 1990--21M"--T.p. verso.
610 20 - SUBJECT ADDED ENTRY--CORPORATE NAME
Corporate name or jurisdiction name as entry element United Nations
General subdivision Armed Forces.
610 20 - SUBJECT ADDED ENTRY--CORPORATE NAME
Corporate name or jurisdiction name as entry element United Nations
General subdivision Armed Forces
Geographic subdivision Middle East.
710 2# - ADDED ENTRY--CORPORATE NAME
Corporate name or jurisdiction name as entry element United Nations.
710 2# - ADDED ENTRY--CORPORATE NAME
Corporate name or jurisdiction name as entry element United Nations.
Subordinate unit Department of Public Information.
906 ## - LOCAL DATA ELEMENT F, LDF (RLIN)
a 7
b cbc
c orignew
d 2
e ncip
f 19
g y-gencatlg
942 ## - ADDED ENTRY ELEMENTS (KOHA)
Source of classification or shelving scheme Dewey Decimal Classification
Koha item type Books
Holdings
Withdrawn status Lost status Source of classification or shelving scheme Damaged status Not for loan Home library Current library Date acquired Total Checkouts Full call number Barcode Date last seen Price effective from Koha item type
    Dewey Decimal Classification     County Hall Archives County Hall Archives 07/04/2023   341.5 UNP 10015894 07/04/2023 07/04/2023 Books
    Dewey Decimal Classification     County Hall Archives County Hall Archives 07/04/2023   341.5 UNP 10015891 07/04/2023 07/04/2023 Books
LIBRARY OPENING HOURS

When the Parliament is sitting: 8.00a.m - 7.00p.m or until the house adjourns
Mondays and Fridays and when the House is on Recess:  8.00a.m - 5.00p.m
Closed on Weekends and Public Holidays

Online Public Access Catalog (OPAC)
Website: http://www.parliament.go.ke
Bunge Library: https://libraryir.parliament.go.ke
Contact: library@parliament.go.ke | Tel no: (254-2)2221291 or 2848000 Ext 5043